Statistics for Words Ending in "IAN"

Click here to take the quiz!

General Stats

  • This quiz has been taken 20,806 times
  • The average score is 13 of 20

Answer Stats

One who ...Answer% Correct
doesn't eat meat{vegetar}ian
99%
tells jokes for a living{comed}ian
98%
does tricks involving
sleight of hand
{magic}ian
92%
believes in the divinity of Jesus{Christ}ian
91%
works with numbers{mathematic}ian
82%
is not in the military{civil}ian
79%
catalogs and organizes books{librar}ian
79%
inhabits the 4th planet from the sun{Mart}ian
78%
provides medical services for animals{veterinar}ian
76%
seeks election to public office{politic}ian
68%
is a bird{av}ian
63%
travels by foot{pedestr}ian
63%
graduates at the top of their class{valedictor}ian
63%
provides funeral services{mortic}ian
52%
believes in limited government and a
high degree of personal freedom
{libertar}ian
47%
is between 80 and 89 years of age{octogenar}ian
44%
is an actor{thesp}ian
38%
lives an unconventional, artistic lifestyle{bohem}ian
36%
is a monkey{sim}ian
36%
is a member of the nobility in
ancient Rome
{patric}ian
22%

Score Distribution

Percentile by Number Answered

Percent of People with Each Score

Your Score History

You have not taken this quiz